Spirit leveling in Kansas, 1896-1935. (Record no. 27434)
[ view plain ]
| 000 -LEADER | |
|---|---|
| fixed length control field | 00642cam a22002291 4500 |
| 001 - CONTROL NUMBER | |
| control field | gs 38000116 |
| 003 - CONTROL NUMBER IDENTIFIER | |
| control field | DLC |
| 005 - DATE AND TIME OF LATEST TRANSACTION | |
| control field | 20260227111343.0 |
| 008 - FIXED-LENGTH DATA ELEMENTS--GENERAL INFORMATION | |
| fixed length control field | 720329s1938 xx 000 0 eng |
| 010 ## - LIBRARY OF CONGRESS CONTROL NUMBER | |
| LC control number | gs 38000116 |
| 035 ## - SYSTEM CONTROL NUMBER | |
| System control number | (OCoLC)272839 |
| 040 ## - CATALOGING SOURCE | |
| Original cataloging agency | DLC |
| Transcribing agency | ODaWU |
| Modifying agency | DLC |
| 043 ## - GEOGRAPHIC AREA CODE | |
| Geographic area code | n-us-ks |
| 050 00 - LIBRARY OF CONGRESS CALL NUMBER | |
| Classification number | QE75 |
| Item number | .B9 no. 889 |
| 051 ## - LIBRARY OF CONGRESS COPY, ISSUE, OFFPRINT STATEMENT | |
| Classification number | QB296.U9 |
| Item number | K8 1896-1935 |
| Copy information | Copy 2. |
| 100 1# - MAIN ENTRY--PERSONAL NAME | |
| Personal name | Staack, J. G. |
| Fuller form of name | (John George), |
| Dates associated with a name | 1878- |
| 245 10 - TITLE STATEMENT | |
| Title | Spirit leveling in Kansas, 1896-1935. |
| 260 ## - PUBLICATION, DISTRIBUTION, ETC. | |
| Name of publisher, distributor, etc. | U.S. Govt. Print. Off., |
| Date of publication, distribution, etc. | 1938. |
| 300 ## - PHYSICAL DESCRIPTION | |
| Extent | 88 p. |
| 410 20 - SERIES STATEMENT/ADDED ENTRY--CORPORATE NAME [OBSOLETE, CAN/MARC], [LOCAL, USA] | |
| Corporate name or jurisdiction name as entry element | Geological Survey (U.S.) |
| Title of a work | Bulletin |
| Volume number/sequential designation | 889 |
| 651 #0 - SUBJECT ADDED ENTRY--GEOGRAPHIC NAME | |
| Geographic name | Kansas |
| General subdivision | Altitudes. |
No items available.